Joueurs français ayant joué au Bayern de Munich - Statistiques

Statistiques générales
  • Ce quiz a été pris 108 fois
  • Le résultat moyen est 13 sur 17
Statistiques - réponses
Année d'arrivée Année de départ Club précédant Club suivant Nombre de match Joueurs % Correct
2021 En cours RB Leipzig En cours 186 Dayot Upamecano
99%
2017 2022 Olympique Lyonnais Olympique Lyonnais 118 Corentin Tolisso
98%
2024 En cours Crystal Palace En cours 94 Michael Olise
98%
2007 2019 Olympique de Marseille ACF Fiorentina 425 Franck Ribéry
97%
2019 2023 Atlético de Madrid Paris Saint-Germain 107 Lucas Hernández
94%
2019 2023 VFB Stuttgart Inter Milan 163 Benjamin Pavard
93%
2015 2025 Juventus Turin Al-Nassr FC 339 Kingsley Coman
93%
2005 2006 Olympique de Marseille Fin de carrière 46 Bixente Lizarazu
90%
1997 2004 Athletic Bilbao Olympique de Marseille 227 Bixente Lizarazu
90%
2024 En cours Galatasaray En cours 38 Sacha Boey
84%
2022 2025 Stade Rennais FC Tottenham Hotspur 83 Mathys Tel
83%
2019 2022 Borussia Mönchengladbach Venise FC 13 Michaël Cuisance
56%
2000 2008 AS Monaco Fin de carrière 277 Willy Sagnol
52%
1994 1996 AC Milan FC Girondins de Bordeaux 40 Jean-Pierre Papin
51%
2020 2022 Paris Saint-Germain Séville FC 28 Tanguy Nianzou
43%
2005 2007 SV Werder Bremen Hannover 96 46 Valérien Ismaël
21%
2000 2002 CS Louhans-Cuiseaux FC FC Liverpool 0 Alou Diarra
18%
Aucun quiz correspondant
Distribution des résultats
% des personnes avec chaque résultat
Percentile par nombre de réponses
Votre historique - résultats
Vous n’avez pas pris ce quiz